000 00468nam a2200169 i 4500
001 118780
003 ES-MaACL
005 20230906191157.0
007 t|
008 070214s1932 xxk r ||||1| eng d
100 1 _aPetrie, Charles.
_991541
245 1 0 _aGeorge Canning /
_cby Charles Petrie.
260 _aLondon :
_bEyre and Spottiswoode,
_c1932.
300 _a308 p. ;
_c22 cm.
600 1 4 _aCanning, George-
_xBiografĂ­as.
_9126312
852 _aES-MaACL
_jA-3658
999 _c118780
_d118780